| 000 | 00576nam a2200205 u 4500 | ||
|---|---|---|---|
| 005 | 20240228063730.0 | ||
| 008 | 160407s2004 es r 000 0 spa d | ||
| 020 | _a8434226189 | ||
| 035 | _aUPN01000209332 | ||
| 049 | _aI | ||
| 050 | 4 |
_aQP37 _bC3.4 |
|
| 100 | 1 |
_aCassan Tachlitzky, Adolfo _939523 |
|
| 245 | 1 | 0 |
_aAsombroso cerebro / _ctextos Adolfo Cassan. |
| 260 |
_aBarcelona, Esp. : _bParramón, _c2004 |
||
| 300 |
_a31 p. : _bil. col. |
||
| 440 | 0 | _aCuerpo humano | |
| 650 | 4 |
_aCuerpo humano _vLiteratura infantil _912325 |
|
| 905 | _aInfantil | ||
| 999 |
_c181433 _d181433 |
||